| 000 | 00572nam a22001817a 4500 | ||
|---|---|---|---|
| 003 | CEME | ||
| 005 | 20210628202852.0 | ||
| 008 | 210118b xxu||||| |||| 00| 0 eng d | ||
| 020 | _a0-387-33883-7 | ||
| 040 | _c. | ||
| 082 | _a005.82 CRY | ||
| 100 |
_aSaqib, N.A, Perez, Arturo Diaz, Rodriguez-Henriquez, Francisco _962057 |
||
| 245 | _aCryptographic algorithms on reconfigurable hardware | ||
| 260 |
_aNEW DELHI _bSPRINGER _c2006 |
||
| 300 | _aXXIV,362 P | ||
| 650 |
_aADAPTIVE COMPUTING SYSTEMS. FIELD PROGRAMMABLE GATE ARRAY.CRYPTOGRAPHY _962058 |
||
| 942 |
_cBK _2ddc |
||
| 999 |
_c571290 _d571290 |
||